[Event "6th EICC"]
[Site "Warsaw POL"]
[Date "2005.06.22"]
[Round "5"]
[White "Khairullin,I"]
[Black "Krysztofiak,M"]
[Result "1/2-1/2"]
[WhiteElo "2517"]
[BlackElo "2401"]
[EventDate "2005.06.18"]

1. e4 c6 2. d4 d5 3. e5 Bf5 4. h4 h6 5. g4 Bd7 6. h5 e6 7. f4 c5 8. c3 Qb6
9. Rh2 Bb5 10. Bh3 cxd4 11. cxd4 Ne7 12. Nc3 Nec6 13. Nf3 Nd7 14. Kf2 O-O-O
15. Kg3 Kb8 16. f5 Ba6 17. Bf4 Ka8 18. fxe6 fxe6 19. g5 Re8 20. Nxd5 Qd8
21. Nc3 Nb6 22. a3 Bc4 23. Qd2 Nd5 24. g6 Be7 25. Be3 Na5 26. Re1 Nxc3 27.
Qxc3 Bd5 28. Bg4 Nc4 29. Bc1 Qd7 30. Rc2 Rc8 31. Qd3 Nb6 32. Rxc8+ Rxc8 33.
b3 Bc6 34. a4 Nd5 35. Bd2 Nb4 36. Bxb4 Bxb4 37. Rc1 Rf8 38. Rxc6 Qxc6 39.
Qc4 Rxf3+ 40. Bxf3 Qxc4 41. bxc4 Bc3 42. Kf4 Bxd4 43. Ke4 Bc3 44. Bg4 Kb8
45. Bxe6 Kc7 46. Kd5 Kd8 47. c5 Kc7 48. Bf5 Bb2 49. Be4 b6 50. c6 Bc3 51.
Bd3 a5 52. Bb5 Bb2 53. Ke6 Bc3 54. Kd5 1/2-1/2

[Event "6th EICC"]
[Site "Warsaw POL"]
[Date "2005.06.22"]
[Round "5"]
[White "Olszewski,Mi"]
[Black "Reinderman,D"]
[Result "1/2-1/2"]
[WhiteElo "2387"]
[BlackElo "2509"]
[EventDate "2005.06.18"]

1. e4 c5 2. Nf3 e6 3. c3 Nf6 4. e5 Nd5 5. d4 cxd4 6. cxd4 d6 7. Bd3 Nb4 8.
Be2 dxe5 9. dxe5 Qxd1+ 10. Kxd1 Bc5 11. Rf1 O-O 12. Nc3 Rd8+ 13. Bd2 N8c6
14. a3 Nd5 15. Nxd5 exd5 16. Rc1 Bb6 17. b4 Bf5 18. Bb5 Bd7 19. Be2 Rac8
20. Bf4 Nd4 21. Nxd4 Bxd4 22. Kd2 Bb2 23. Rc2 Bxa3 24. Rb1 Rxc2+ 25. Kxc2
Bf5+ 26. Bd3 Rc8+ 27. Kd2 Rc4 28. Be3 Bxd3 29. Kxd3 Bxb4 30. Bxa7 h5 31.
Bd4 Kh7 32. Ra1 Kg6 33. Ra7 Rc7 34. Bb6 Rd7 35. Ra4 Be7 36. Rf4 f6 37. exf6
Bxf6 38. Rb4 Kf5 39. Bd4 Be5 40. h3 Rc7 41. Rb5 Rd7 42. Ke3 h4 43. Kd3 Bxd4
44. Kxd4 Ke6 45. Rb6+ Ke7 46. g4 hxg3 47. fxg3 Kd8 48. Rb5 Kc7 49. Rxd5
Rxd5+ 50. Kxd5 Kd7 51. Kc5 Ke6 52. Kb6 Kf5 53. Kxb7 Ke4 54. Kc6 Kf3 55. Kd5
Kxg3 56. Ke4 g5 57. Kf5 Kxh3 58. Kxg5 1/2-1/2

[Event "6th EICC"]
[Site "Warsaw POL"]
[Date "2005.06.22"]
[Round "5"]
[White "Mista,A"]
[Black "Babujian,L"]
[Result "1-0"]
[WhiteElo "2497"]
[BlackElo "2386"]
[EventDate "2005.06.18"]

1. e4 e5 2. Nf3 Nc6 3. Bb5 Nf6 4. O-O Nxe4 5. d4 Nd6 6. Bxc6 dxc6 7. dxe5
Nf5 8. Qxd8+ Kxd8 9. Nc3 Ne7 10. h3 h6 11. Ne4 Ng6 12. Bd2 Be7 13. Rad1 Ke8
14. Rfe1 c5 15. Ng3 Be6 16. Nh5 Rg8 17. a3 a5 18. g4 a4 19. Nh2 Bh4 20. Re4
Nf8 21. Bc3 g6 22. Nf6+ Bxf6 23. exf6 Nd7 24. f4 Nb6 25. Kf2 Rd8 26. Ree1
h5 27. Kg3 hxg4 28. hxg4 Nd5 29. Be5 b5 30. Nf3 Kd7 31. Ng5 c6 32. Nxe6
fxe6 33. Kh4 Ke8 34. Kg5 Kf7 35. Rh1 Rh8 36. b3 axb3 37. cxb3 Ra8 38. a4 b4
39. a5 Rag8 40. a6 Nb6 41. a7 c4 42. bxc4 b3 43. c5 Nd5 44. Rxh8 Rxh8 45.
Rh1 b2 46. Rxh8 b1=Q 47. Rh7+ 1-0

[Event "6th EICC"]
[Site "Warsaw POL"]
[Date "2005.06.22"]
[Round "5"]
[White "Zaja,I"]
[Black "Mazi,L"]
[Result "1/2-1/2"]
[WhiteElo "2489"]
[BlackElo "2365"]
[EventDate "2005.06.18"]

1. d4 Nf6 2. c4 d6 3. Nc3 e5 4. Nf3 Nbd7 5. Bg5 Be7 6. e3 c6 7. Qc2 O-O 8.
Bd3 h6 9. Bh4 Re8 10. O-O Nh5 11. Bxe7 Qxe7 12. b4 Ndf6 13. Be2 g6 14. Rfe1
Bg4 15. h3 Bd7 16. Rad1 Ng7 17. c5 exd4 18. exd4 Bf5 19. Qd2 dxc5 20. Bc4
Qc7 21. Qxh6 cxb4 22. g4 Bc2 23. Rc1 bxc3 24. Rxe8+ Rxe8 25. Rxc2 Ne6 26.
Rxc3 Qf4 27. Qxf4 Nxf4 28. Ne5 N6d5 29. Rf3 g5 30. Rb3 Re7 31. Kh2 Kg7 32.
Nf3 Kf6 33. h4 gxh4 34. Nxh4 Nb6 35. Bf1 Re1 36. g5+ Kg7 37. Rf3 Ne6 38.
Nf5+ Kf8 39. Bd3 Nxg5 40. Rg3 f6 41. f4 Ne6 42. Rh3 Nxf4 43. Rh8+ Kf7 44.
Rh7+ Kf8 45. Rh8+ Kf7 46. Rh7+ Kf8 47. Rh8+ Kf7 48. Rh7+ Kf8 49. Rh8+ Kf7
1/2-1/2

[Event "6th EICC"]
[Site "Warsaw POL"]
[Date "2005.06.22"]
[Round "5"]
[White "Leniart,A"]
[Black "Mastrovasilis,A"]
[Result "1/2-1/2"]
[WhiteElo "2279"]
[BlackElo "2473"]
[EventDate "2005.06.18"]

1. d4 Nf6 2. Nf3 e6 3. c4 c5 4. d5 d6 5. Nc3 exd5 6. cxd5 g6 7. h3 Bg7 8.
e4 O-O 9. Bd3 Nbd7 10. O-O Nh5 11. g4 Nhf6 12. Nd2 h5 13. g5 Nh7 14. Nf3
Ne5 15. Nxe5 dxe5 16. h4 f6 17. f4 exf4 18. e5 Bg4 19. Qc2 fxe5 20. Bxg6
Nxg5 21. hxg5 Qxg5 22. Kh1 e4 23. Bxe4 Rae8 24. Bd3 Re1 25. Qf2 Rxf1+ 26.
Bxf1 Bd4 27. Qh2 Kh8 28. Bd2 Bf3+ 29. Bg2 Bxg2+ 30. Qxg2 Qh4+ 31. Qh2 Qg4
32. Nb5 Rg8 33. Nxd4 cxd4 34. Rf1 f3 35. Rg1 f2 36. Rxg4 f1=Q+ 37. Rg1
Rxg1+ 38. Qxg1 Qh3+ 39. Qh2 Qf1+ 40. Qg1 1/2-1/2

[Event "6th EICC"]
[Site "Warsaw POL"]
[Date "2005.06.22"]
[Round "5"]
[White "Sergeev,Vl"]
[Black "Guadalpi,D"]
[Result "1-0"]
[WhiteElo "2458"]
[BlackElo "2317"]
[EventDate "2005.06.18"]

1. d4 Nf6 2. c4 e6 3. Nf3 b6 4. Nc3 Bb7 5. a3 d5 6. Bg5 Be7 7. Bxf6 Bxf6 8.
cxd5 exd5 9. Qa4+ Qd7 10. Qc2 O-O 11. e3 c5 12. Bb5 Qe6 13. Rd1 Rd8 14. O-O
c4 15. Qb1 Nc6 16. e4 Na5 17. e5 Be7 18. Ba4 Nb3 19. Rfe1 Rac8 20. Bxb3
cxb3 21. Qd3 Qc6 22. Re3 Qc4 23. Qf5 Rc7 24. Ng5 Bxg5 25. Qxg5 Re8 26. Rg3
f6 27. Qxf6 Rf7 28. Qg5 Bc8 29. h4 Bf5 30. h5 Bc2 31. Rd2 Qc6 32. Re2 a6
33. Ree3 Qe6 34. Ref3 h6 35. Qe3 Ref8 36. Ne2 Be4 37. Rxf7 Rxf7 38. f3 Bc2
39. Nf4 Qc6 40. e6 Rxf4 41. Qxf4 Qxe6 42. Qb8+ Kh7 43. Qe5 Qd7 44. Rg4 1-0

[Event "6th EICC"]
[Site "Warsaw POL"]
[Date "2005.06.22"]
[Round "5"]
[White "Kopczynski,M"]
[Black "Haznedaroglu,K"]
[Result "1/2-1/2"]
[WhiteElo "2150"]
[BlackElo "2440"]
[EventDate "2005.06.18"]

1. e4 e5 2. Nf3 Nc6 3. Bb5 Nf6 4. O-O Nxe4 5. Re1 Nd6 6. Nxe5 Nxe5 7. Rxe5+
Be7 8. Bf1 O-O 9. d4 Bf6 10. Re1 Nf5 11. c3 d5 12. Bf4 Ne7 13. Bd3 Ng6 14.
Bg3 Be6 15. Nd2 Re8 16. Qh5 Qd7 17. h3 Nf8 18. Nf3 g6 19. Qh6 Qd8 20. Be5
Nd7 21. Bxf6 Qxf6 22. Re3 Re7 23. Rae1 Rae8 24. Ng5 Nf8 25. Qh4 Bd7 26. Qg3
Rxe3 27. Rxe3 Rxe3 28. Qxe3 Kg7 29. Qg3 Bf5 30. Bxf5 Qxf5 31. Nf3 Qb1+ 32.
Kh2 Ne6 33. Qe5+ Kg8 34. Ng5 Nxg5 35. Qxg5 Qxa2 36. Qd8+ Kg7 37. Qxc7 Qxb2
38. Qe5+ Kg8 39. Qe8+ Kg7 40. Qe5+ Kg8 41. Qe8+ 1/2-1/2

[Event "6th EICC"]
[Site "Warsaw POL"]
[Date "2005.06.22"]
[Round "5"]
[White "Kadziolka,B"]
[Black "Erenburg,S"]
[Result "0-1"]
[WhiteElo "2311"]
[BlackElo "2575"]
[EventDate "2005.06.18"]

1. e4 c6 2. c4 d5 3. exd5 cxd5 4. cxd5 Nf6 5. Qa4+ Nbd7 6. Nc3 g6 7. Bc4
Bg7 8. d3 O-O 9. Nf3 a6 10. Qa3 b6 11. O-O Bb7 12. Re1 Re8 13. Ng5 Rc8 14.
d6 e6 15. Bf4 b5 16. Bb3 Nc5 17. Rad1 Nh5 18. Be3 Nxb3 19. axb3 f5 20. Nh3
Qd7 21. f3 Bf8 22. Bc5 Rcd8 23. d4 Bxd6 24. b4 Bb8 25. Qb3 Nf6 26. Nf2 Qc7
27. Rxe6 Qxh2+ 28. Kf1 Kg7 29. Re7+ Rxe7 30. Bxe7 Re8 31. Bxf6+ Kxf6 32.
Nce4+ Kg7 33. Nc5 Bc8 34. d5 Qe5 35. Ne6+ Bxe6 36. dxe6 Qxe6 37. Qxe6 Rxe6
38. Rd7+ Kh6 39. Nd3 Bg3 40. Rd4 Re3 41. Rd5 Kg5 42. Rd7 h5 43. Rd8 h4 44.
Rd4 Kf6 45. Rd8 Ke7 46. Rd4 g5 47. Rd5 g4 48. fxg4 fxg4 49. Rd4 h3 0-1

[Event "6th EICC"]
[Site "Warsaw POL"]
[Date "2005.06.22"]
[Round "5"]
[White "Gouliev,N"]
[Black "Asauskas,H"]
[Result "1-0"]
[WhiteElo "2526"]
[BlackElo "2357"]
[EventDate "2005.06.18"]

1. e4 c5 2. Nf3 d6 3. d4 cxd4 4. Nxd4 Nf6 5. Nc3 g6 6. Be2 Bg7 7. O-O O-O
8. Bg5 Nc6 9. Nb3 Be6 10. Kh1 Na5 11. f4 Nc4 12. f5 Nxb2 13. Qc1 Bc4 14.
Qxb2 Bxe2 15. Nxe2 Nxe4 16. f6 Nxf6 17. Bxf6 Bxf6 18. c3 Bg7 19. Rad1 Qb6
20. Qd2 Rac8 21. Rf3 d5 22. Rd3 e6 23. Nbd4 Rc4 24. Rf1 Ra4 25. Nc1 Rc8 26.
Qf2 Rc7 27. Rf3 f5 28. Qh4 Rf7 29. Qg3 e5 30. Nde2 e4 31. R3f2 Qc7 32. Qe3
Ra3 33. Qd2 Rd7 34. Nb3 Ra4 35. g4 Qe5 36. Qe3 Rxa2 37. gxf5 gxf5 38. Rxf5
Qd6 39. Nbd4 Kh8 40. R5f2 Bh6 41. Qxh6 Qxh6 42. Rf8+ Qxf8 43. Rxf8+ Kg7 44.
Ne6+ Kh6 45. Rf6+ Kh5 46. Ng3+ 1-0

[Event "6th EICC"]
[Site "Warsaw POL"]
[Date "2005.06.22"]
[Round "5"]
[White "Zelcic,R"]
[Black "Murtez,H"]
[Result "1-0"]
[WhiteElo "2514"]
[BlackElo "2354"]
[EventDate "2005.06.18"]

1. e4 c5 2. Nf3 Nc6 3. d4 cxd4 4. Nxd4 Nf6 5. Nc3 g6 6. Be2 Bg7 7. Nb3 d6
8. O-O O-O 9. Bg5 a6 10. a4 b6 11. f4 Be6 12. Kh1 Qc7 13. f5 Bxb3 14. cxb3
Qb7 15. Bc4 Rab8 16. Qe1 Ne5 17. Qh4 Rbc8 18. fxg6 hxg6 19. Bxf6 Bxf6 20.
Rxf6 Rxc4 21. bxc4 exf6 22. Nd5 Nd7 23. Ra3 1-0

[Event "6th EICC"]
[Site "Warsaw POL"]
[Date "2005.06.22"]
[Round "5"]
[White "Karlsson,L"]
[Black "Citak,S"]
[Result "1-0"]
[WhiteElo "2472"]
[BlackElo "2351"]
[EventDate "2005.06.18"]

1. b3 e5 2. Bb2 Nc6 3. c4 g6 4. e3 Bg7 5. a3 Nge7 6. Be2 d5 7. cxd5 Nxd5 8.
Qc2 O-O 9. d3 Re8 10. Nf3 Nb6 11. Nbd2 Bf5 12. Ne4 Bxe4 13. dxe4 a6 14. O-O
Qe7 15. Rac1 Red8 16. b4 Rac8 17. Nd2 a5 18. b5 Nb8 19. Bc3 Qxa3 20. Ra1
Qe7 21. Bxa5 N8d7 22. Bg4 h5 23. Bh3 Bf8 24. Rfc1 Qe8 25. g3 Bd6 26. Nc4
Nxc4 27. Qxc4 Ra8 28. Bxc7 Rac8 29. Qd5 Bxc7 30. Qxb7 Bd6 31. Rxc8 Rxc8 32.
Bxd7 Rb8 33. Qc6 Qe7 34. b6 Rd8 35. Ra8 Rxa8 36. Qxa8+ Kg7 37. Bc6 h4 38.
Bd5 Qd7 39. Qa7 Qg4 40. Qxf7+ Kh6 41. Qe6 Qf3 42. b7 Bb8 43. Qc8 g5 44. Be6
Qd1+ 45. Kg2 Qd6 46. Qh8+ Kg6 47. Qg8+ Kh6 48. Bf5 1-0

[Event "6th EICC"]
[Site "Warsaw POL"]
[Date "2005.06.22"]
[Round "5"]
[White "Rutkowski,M"]
[Black "Heberla,B"]
[Result "0-1"]
[WhiteElo "2346"]
[BlackElo "2454"]
[EventDate "2005.06.18"]

1. e4 c5 2. Nf3 g6 3. d4 Bg7 4. Nc3 Qa5 5. dxc5 Bxc3+ 6. bxc3 Qxc3+ 7. Bd2
Qxc5 8. Bd3 d6 9. O-O Nf6 10. Bh6 Nbd7 11. a4 Qh5 12. Qd2 Ng4 13. Bg7 Rg8
14. Bc3 Nde5 15. Bxe5 Nxe5 16. Nxe5 Qxe5 17. Rab1 a6 18. a5 Kf8 19. f4 Qc5+
20. Kh1 Kg7 21. f5 f6 22. Rf3 g5 23. Rh3 Bd7 24. Qe2 Bc6 25. Bc4 Rh8 26.
Be6 h5 27. Rxh5 Qe5 28. h3 Bxe4 29. Rb3 Bxg2+ 30. Qxg2 Qe1+ 31. Qg1 Qxg1+
32. Kxg1 Rxh5 33. Rxb7 Kf8 34. Kg2 Rh4 35. c4 Rd4 36. Bd5 Rd2+ 37. Kf3 Ra2
38. h4 gxh4 39. Rb1 Ra7 40. Rg1 Ke8 41. Be6 Ra3+ 42. Kf4 Kd8 43. Rg8+ Kc7
44. Rc8+ Kb7 45. c5 Rc3 46. Re8 Kc6 47. cxd6 Kxd6 48. Rd8+ Kc5 0-1

[Event "6th EICC"]
[Site "Warsaw POL"]
[Date "2005.06.22"]
[Round "5"]
[White "Erturan,Y"]
[Black "Magalashvili,D"]
[Result "1/2-1/2"]
[WhiteElo "2277"]
[BlackElo "2445"]
[EventDate "2005.06.18"]

1. e4 c5 2. Nf3 d6 3. d4 cxd4 4. Nxd4 Nf6 5. Nc3 Nc6 6. Bg5 e6 7. Bb5 Bd7
8. Bxc6 bxc6 9. Qf3 e5 10. Nf5 Bxf5 11. Qxf5 Be7 12. O-O O-O 13. Na4 Nd7
14. Bxe7 Qxe7 15. Rfd1 Nb6 16. Nxb6 axb6 1/2-1/2

[Event "6th EICC"]
[Site "Warsaw POL"]
[Date "2005.06.22"]
[Round "5"]
[White "Thorfinnsson,Br"]
[Black "Skurski,J"]
[Result "1/2-1/2"]
[WhiteElo "2442"]
[BlackElo "2299"]
[EventDate "2005.06.18"]

1. d4 Nf6 2. c4 g6 3. Nc3 Bg7 4. e4 d6 5. Be2 O-O 6. Bg5 Nbd7 7. Qd2 e5 8.
d5 Nc5 9. f3 a5 10. b3 h6 11. Bh4 Nfxe4 12. Bxd8 Nxd2 13. Bxc7 Ndxb3 14.
axb3 e4 15. O-O-O exf3 16. Nxf3 Bxc3 17. Bxd6 Re8 18. Bd3 Bb4 19. Bxc5 Bxc5
20. Rhe1 Bg4 21. Rxe8+ Rxe8 22. Re1 Rxe1+ 23. Nxe1 Ba3+ 24. Kb1 Kg7 25. Be4
b6 26. Kc2 Bd7 27. Nd3 f5 28. Bf3 Kf6 29. Kc3 Bc5 30. b4 1/2-1/2

[Event "6th EICC"]
[Site "Warsaw POL"]
[Date "2005.06.22"]
[Round "5"]
[White "Bugajski,R"]
[Black "Luch,M"]
[Result "1-0"]
[WhiteElo "2218"]
[BlackElo "2417"]
[EventDate "2005.06.18"]

1. c4 Nf6 2. Nc3 g6 3. g3 d5 4. cxd5 Nxd5 5. Bg2 Nxc3 6. bxc3 Bg7 7. Nf3
O-O 8. Qc2 c5 9. Rb1 Nc6 10. O-O e5 11. d3 Qc7 12. Rd1 Re8 13. Be3 c4 14.
Qa4 cxd3 15. exd3 Bf5 16. Ng5 h6 17. Ne4 Rac8 18. Nc5 b6 19. g4 Bxg4 20.
Qxg4 bxc5 21. Rb5 Bf8 22. Bd5 Ne7 23. Bc4 Qd6 24. Rb7 Rc7 25. Rdb1 Rec8 26.
R1b5 Rxb7 27. Rxb7 Rc7 28. Qg2 Kg7 29. Rb8 Nf5 30. Bc1 Be7 31. Qe4 Rc6 32.
Ra8 Rb6 33. Bb3 a6 34. f4 Bf6 35. Ra7 Be7 36. fxe5 Qc6 37. Qxc6 Rxc6 38.
Ba3 c4 39. Bxe7 cxb3 40. Bf6+ Kh7 41. axb3 g5 42. c4 Rb6 43. Rxf7+ Kg6 44.
Bd8 Kxf7 45. Bxb6 Ke6 46. d4 g4 47. Kf2 h5 48. Kg1 g3 49. hxg3 Nxg3 50. d5+
Ke7 51. Bc5+ Ke8 52. e6 Ne2+ 53. Kh2 Nf4 54. Be3 Ng6 55. d6 Ne5 56. d7+ 1-0

[Event "6th EICC"]
[Site "Warsaw POL"]
[Date "2005.06.22"]
[Round "5"]
[White "Sliwinski,M"]
[Black "Erdogdu,M"]
[Result "1/2-1/2"]
[WhiteElo "2186"]
[BlackElo "2414"]
[EventDate "2005.06.18"]

1. e4 e5 2. Nf3 Nc6 3. Bc4 Nf6 4. d3 Bc5 5. c3 a6 6. Bb3 Ba7 7. Nbd2 O-O 8.
Nf1 d5 9. Qe2 Be6 10. Bg5 dxe4 11. dxe4 Bxb3 12. axb3 Qd6 13. Ng3 Qe6 14.
b4 Ne8 15. O-O Nd6 16. Nh4 Ne7 17. Bxe7 Qxe7 18. Nhf5 Qe6 19. Rad1 Rad8 20.
Nxd6 Rxd6 21. Rxd6 Qxd6 22. Rd1 Qf6 23. Rd7 Bb6 24. Nf5 g6 25. Ne7+ Kg7 26.
Nd5 Qc6 27. Nxb6 cxb6 28. Qd3 Rc8 29. Qd5 Qxd5 30. Rxd5 Re8 31. Rd7 Rb8 32.
Kf1 b5 33. Ke2 Kf6 34. Rd6+ Ke7 35. Rb6 Kd7 36. f3 h5 37. h4 Ke7 38. Ke3
Kf8 39. g3 Kg7 40. f4 exf4+ 41. gxf4 Rd8 42. Ke2 Rd7 43. e5 Kf8 1/2-1/2

[Event "6th EICC"]
[Site "Warsaw POL"]
[Date "2005.06.22"]
[Round "5"]
[White "Galazewski,T"]
[Black "Maier,C"]
[Result "1-0"]
[WhiteElo "2137"]
[BlackElo "2387"]
[EventDate "2005.06.18"]

1. e4 e6 2. d4 d5 3. Nc3 Be7 4. Nf3 Nf6 5. Bd3 Nc6 6. O-O Nb4 7. e5 Nd7 8.
Ne2 c5 9. c3 Nxd3 10. Qxd3 cxd4 11. cxd4 Nb8 12. Bd2 Nc6 13. a3 Bd7 14. b4
a6 15. Qb3 Na7 16. a4 Rc8 17. Rfc1 Rc4 18. Rxc4 dxc4 19. Qe3 Nc8 20. Nf4
Bc6 21. Nh5 g6 22. Nf6+ Bxf6 23. exf6 Bxf3 24. Qxf3 Qd5 25. Qf4 Nd6 26. Re1
g5 27. Qe5 Kd7 28. Bxg5 Kc6 29. Qf4 Qf5 30. Qc1 Rg8 31. Bf4 Qd5 32. g3 Nf5
33. Re5 Qxd4 34. Rc5+ Kb6 35. Rxf5 1-0

[Event "6th EICC"]
[Site "Warsaw POL"]
[Date "2005.06.22"]
[Round "5"]
[White "Dworakowska,J"]
[Black "Gluszko,T"]
[Result "1-0"]
[WhiteElo "2383"]
[BlackElo "1977"]
[EventDate "2005.06.18"]

1. e4 c5 2. Nf3 Nc6 3. d4 cxd4 4. Nxd4 Nf6 5. Nc3 d6 6. Bg5 e6 7. Qd2 a6 8.
O-O-O Bd7 9. f3 Be7 10. h4 h6 11. Be3 h5 12. Bg5 Ne5 13. Kb1 b5 14. Qe1 Qc7
15. Nce2 Rb8 16. Ng3 b4 17. Bd3 a5 18. f4 Neg4 19. Be2 a4 20. Bxg4 Nxg4 21.
Bxe7 Kxe7 22. f5 a3 23. fxe6 fxe6 24. Qd2 Nf6 25. Qg5 Kf7 26. Rhf1 Qc5 27.
Nb3 Qc7 28. Nxh5 Rbg8 29. e5 dxe5 30. Nxf6 gxf6 31. Qxf6+ Ke8 32. Qf7+ Kd8
33. Nc5 Kc8 34. Qxd7+ Qxd7 35. Nxd7 Rxg2 36. Nxe5 Rxh4 37. b3 Re4 38. Rfe1
Ree2 39. Rxe2 Rxe2 40. Nd3 Re4 41. Re1 1-0

[Event "6th EICC"]
[Site "Warsaw POL"]
[Date "2005.06.22"]
[Round "5"]
[White "Azimi,R"]
[Black "Kachur,A"]
[Result "0-1"]
[WhiteElo "2144"]
[BlackElo "2281"]
[EventDate "2005.06.18"]

1. e4 c5 2. Nf3 Nc6 3. d4 cxd4 4. Nxd4 Qc7 5. Nc3 e6 6. Be3 a6 7. Qd2 Nf6
8. f3 b5 9. Bd3 Bb7 10. O-O-O Bb4 11. g4 Nxd4 12. Bxd4 e5 13. Bf2 Rc8 14.
Qg5 O-O 15. Ne2 d5 16. Ng3 h6 17. Qh4 dxe4 18. fxe4 Rfd8 19. Kb1 Rxd3 20.
cxd3 Qc2+ 21. Ka1 Qxf2 22. Rhf1 Qc2 23. Nf5 Nh7 24. Qg3 f6 25. h4 Rc7 26.
Rh1 Bd2 27. Rb1 Bf4 28. Qf3 Nf8 29. Nd6 Ne6 30. Qd1 Qxd1 31. Rbxd1 Nd4 32.
Nf5 Bc8 33. Nxd4 exd4 34. Rhg1 Rc2 35. Kb1 Rh2 36. Rh1 Rxh1 37. Rxh1 Bxg4
38. Kc2 Be6 39. b3 h5 40. a4 b4 41. Kb2 Kf7 42. Rg1 g5 43. e5 gxh4 44. exf6
Kxf6 45. Re1 h3 46. Re4 Kf5 0-1

[Event "6th EICC"]
[Site "Warsaw POL"]
[Date "2005.06.22"]
[Round "5"]
[White "Matras,A"]
[Black "Swiercz,D"]
[Result "1/2-1/2"]
[WhiteElo "2280"]
[BlackElo "2136"]
[EventDate "2005.06.18"]

1. e4 c5 2. Nc3 e6 3. f4 d5 4. Nf3 dxe4 5. Nxe4 Be7 6. Bb5+ Bd7 7. Qe2 Nc6
8. Ne5 Nxe5 9. fxe5 Nh6 10. Ng3 Bxb5 11. Qxb5+ Qd7 12. Qxd7+ Kxd7 13. O-O
Rhf8 14. d4 cxd4 15. Bxh6 gxh6 16. Rad1 Kc6 17. Ne2 Rad8 18. Nxd4+ Rxd4 19.
Rxd4 Bc5 20. Rff4 Rd8 21. c3 f5 22. Rh4 Bxd4+ 23. cxd4 Kd5 24. Rxh6 Kxd4
25. Rxe6 Ke3 26. Rd6 Rc8 27. h3 Rc1+ 28. Kh2 Kf4 29. e6 Re1 30. Rd7 Rxe6
31. Rxb7 Ra6 32. a3 h5 33. h4 Ra5 34. Rb4+ Ke3 35. Kg3 Ra6 36. Rb3+ Ke4 37.
Kf2 Rc6 38. Rb4+ Ke5 39. Kf3 Rc5 40. Rb7 a5 41. a4 Rc2 42. Rb5+ Kf6 43. g3
Rd2 44. Rxa5 Rxb2 45. Ra8 Rb3+ 46. Kg2 Rb2+ 47. Kh3 Ra2 48. a5 Kg6 49. Ra6+
Kg7 50. Ra7+ Kg6 51. a6 Kh6 52. Rf7 Rxa6 53. Rxf5 Ra2 54. Rf6+ Kg7 55. Rb6
Kh7 56. Rb1 Kg6 57. Rg1 Kf5 58. Rg2 Ra3 59. Rf2+ Kg6 60. Kg2 Rb3 61. Re2
Rb6 62. Kf3 Rf6+ 63. Ke3 Re6+ 64. Kd3 Rd6+ 65. Ke4 Re6+ 66. Kf3 Rf6+ 67.
Kg2 Ra6 68. Re5 Rf6 69. Rg5+ Kh6 70. Rg8 Rf5 71. Ra8 Rf6 72. Ra4 Kg6 73.
Rf4 Ra6 74. Rf8 Ra2+ 75. Kf3 Ra3+ 76. Kf4 Ra4+ 77. Ke5 Ra5+ 78. Kd4 Ra4+
79. Kc5 Re4 80. Rg8+ Kh6 81. Kd5 Re1 82. Rg5 Re3 83. Kd6 Ra3 84. Ke6
1/2-1/2

[Event "6th EICC"]
[Site "Warsaw POL"]
[Date "2005.06.22"]
[Round "5"]
[White "Krasiewicz,R"]
[Black "Bleis,C"]
[Result "0-1"]
[WhiteElo "2056"]
[BlackElo "2258"]
[EventDate "2005.06.18"]

1. d4 f5 2. e4 fxe4 3. Nc3 Nf6 4. Bg5 Nc6 5. d5 Ne5 6. Qd4 Nf7 7. Bxf6 exf6
8. Nxe4 f5 9. Ng3 g6 10. O-O-O Bh6+ 11. f4 O-O 12. Bc4 b5 13. Bb3 Bg7 14.
Qc5 Nd6 15. Nf3 a5 16. a3 Rb8 17. Ne5 Qh4 18. Ne2 Rb7 19. g3 Qh5 20. Rde1
Kh8 21. h3 Ne4 22. Qe7 Nd6 23. g4 Qh6 24. g5 Qh4 25. Nf3 Qf2 26. Ned4 a4
27. Ba2 b4 28. Rhf1 Qxf1 29. Rxf1 Re8 30. Re1 Rxe7 31. Rxe7 bxa3 32. bxa3
Bf8 33. Re3 Ne4 34. c4 Bc5 35. Bb1 Nd6 36. Rc3 Rb8 37. Bc2 Ne4 38. Re3 Ba6
39. Bxe4 fxe4 40. Rxe4 Bxa3+ 41. Kd2 Bxc4 42. Nc2 Bxd5 43. Rxa4 Bd6 44. Ne5
Be6 45. h4 Bxe5 46. fxe5 Rb5 47. Re4 Rb2 48. Kc3 Rxc2+ 49. Kxc2 Bf5 50. Kd3
Kg7 51. Kd4 Bxe4 52. Kxe4 Kf7 53. Kd5 Ke7 54. Kc5 Ke6 55. Kd4 c6 56. Ke4 c5
57. Kf4 Kd5 0-1

[Event "6th EICC"]
[Site "Warsaw POL"]
[Date "2005.06.22"]
[Round "5"]
[White "Szewczak,And"]
[Black "Godlauskas,K"]
[Result "0-1"]
[WhiteElo "1995"]
[BlackElo "2193"]
[EventDate "2005.06.18"]

1. e4 e6 2. d4 d5 3. exd5 exd5 4. Bd3 Bd6 5. Ne2 Bg4 6. f3 Bh5 7. Nf4 Bxf4
8. Bxf4 Ne7 9. Nd2 O-O 10. O-O Bg6 11. Nb3 Nd7 12. Re1 Bxd3 13. Qxd3 Ng6
14. Bg3 c6 15. Re3 Re8 16. Rxe8+ Qxe8 17. Re1 Qd8 18. Qf5 Ndf8 19. Nc5 Qb6
20. b3 Qb4 21. Bf2 b6 22. Nd7 Ne6 23. Rxe6 fxe6 24. Qxe6+ Kh8 25. Qxc6 Rd8
26. Ne5 Nxe5 27. dxe5 Qf4 28. Qc3 d4 29. Qe1 d3 30. cxd3 Rc8 31. Qe2 Rc1+
32. Be1 Rc5 33. Qe4 Qxe4 34. fxe4 Rxe5 35. Bb4 Re6 36. Kf2 Kg8 37. Ke3 Rh6
38. h3 Rg6 39. Kf3 Kf7 40. g4 Rh6 41. d4 a5 42. Be1 Rxh3+ 43. Bg3 b5 44.
Kf2 Rh6 45. d5 a4 46. e5 Ra6 47. b4 g5 48. e6+ Kf6 49. Kf3 Ra8 50. Ke4 Rc8
51. Be5+ Ke7 52. Bd4 Rc2 53. a3 Re2+ 54. Kf5 Kd6 55. Bc5+ Kxd5 56. e7 Re6
57. Kxg5 Ke5 58. Kh5 Kd5 59. Kg5 Kc6 60. Kf4 Kd7 61. Kg5 Ke8 62. Kh5 Kf7
63. Kg5 Re1 64. Kh6 Rh1+ 65. Kg5 Ra1 66. Kh6 Rxa3 67. e8=Q+ Kxe8 68. Kxh7
Rg3 69. Kg6 Rxg4+ 0-1

[Event "6th EICC"]
[Site "Warsaw POL"]
[Date "2005.06.23"]
[Round "6"]
[White "Nisipeanu,LD"]
[Black "Karjakin,Sergey"]
[Result "1/2-1/2"]
[WhiteElo "2670"]
[BlackElo "2635"]
[EventDate "2005.06.18"]

1. e4 c5 2. Nf3 d6 3. d4 cxd4 4. Nxd4 Nf6 5. Nc3 a6 6. Bc4 e6 7. Bb3 b5 8.
O-O Be7 9. Qf3 Qc7 10. Re1 O-O 11. a4 b4 12. Na2 Bb7 13. Nxb4 Nbd7 14. c3
Ne5 15. Qh3 Bxe4 16. a5 Kh8 17. Bg5 d5 18. Qg3 Nh5 19. Qh4 Nf6 20. Qg3
1/2-1/2

[Event "6th EICC"]
[Site "Warsaw POL"]
[Date "2005.06.23"]
[Round "6"]
[White "Areshchenko,A"]
[Black "Georgiev,Ki"]
[Result "1-0"]
[WhiteElo "2595"]
[BlackElo "2666"]
[EventDate "2005.06.18"]

1. e4 c5 2. Nf3 d6 3. d4 cxd4 4. Nxd4 Nf6 5. Nc3 a6 6. Be2 e5 7. Nb3 Be7 8.
O-O O-O 9. a4 Be6 10. Bf3 Nbd7 11. a5 Qc7 12. Re1 Rac8 13. Nd2 Nb8 14. Nb3
Nbd7 15. Be3 h6 16. Nd2 Rfd8 17. Nf1 Bf8 18. Ng3 b5 19. axb6 Nxb6 20. Rxa6
Nc4 21. Bc1 Rb8 22. b3 Na5 23. Bd2 Nc6 24. Nd5 Bxd5 25. exd5 Nb4 26. Bxb4
Rxb4 27. Rc6 Qb7 28. Ne4 Nxe4 29. Rxe4 Ra8 30. h4 f5 31. Rxb4 Qxb4 32. g3
Be7 33. Bh5 Rf8 34. c3 Qa3 35. Kg2 e4 36. Qc2 Qa1 37. Bg6 Qe1 38. Rc7 Bd8
39. Rc8 e3 40. fxe3 Qxe3 41. Bxf5 g6 42. Qe4 Qd2+ 43. Kh3 gxf5 44. Qe6+ Kg7
45. Rxd8 Qc1 46. Rd7+ Kh8 47. Kh2 Qd2+ 48. Kg1 Qd1+ 49. Kf2 Qd2+ 50. Qe2
Qxc3 51. Qe7 Qd4+ 52. Kg2 Qe4+ 53. Qxe4 fxe4 54. Rxd6 Kg7 55. Re6 Rb8 56.
Rxe4 Rxb3 57. Rd4 Rb7 58. d6 Rd7 59. Kf3 Kf6 60. Kg4 Kg6 61. Rd5 Kf6 62.
Kh5 Kg7 63. Rd1 Kh7 64. Rd2 Kg7 65. g4 Kh7 66. g5 hxg5 67. Kxg5 Kg7 68. h5
1-0

[Event "6th EICC"]
[Site "Warsaw POL"]
[Date "2005.06.23"]
[Round "6"]
[White "Moiseenko,A"]
[Black "Kozul,Z"]
[Result "1-0"]
[WhiteElo "2665"]
[BlackElo "2591"]
[EventDate "2005.06.18"]

1. d4 Nf6 2. c4 d6 3. Nc3 Nbd7 4. e4 e5 5. d5 Nc5 6. f3 a5 7. Be3 Be7 8.
Qd2 h6 9. O-O-O Nfd7 10. g3 a4 11. Kb1 O-O 12. h4 c6 13. g4 Qa5 14. Nge2
Nb6 15. Ng3 cxd5 16. Nxd5 Nxd5 17. cxd5 Qxd2 18. Rxd2 Rd8 19. g5 Kh7 20.
gxh6 g6 21. h5 b6 22. hxg6+ fxg6 23. Rg2 Ra7 24. Ne2 Rf8 25. Rg3 Bd7 26.
Nc3 Ra5 27. Be2 Bf6 28. Bd2 Be8 29. Nd1 Ra7 30. Nf2 Bd7 31. Nh3 Bxh3 32.
Rhxh3 Rg8 33. Rh1 Rf7 34. Bf1 Rgf8 35. Be2 Be7 36. Be3 Rg8 37. Kc2 Rc8 38.
Kd2 Rcf8 39. Rhg1 Rg8 40. Bd1 Bh4 41. Rg4 Bd8 42. Be2 b5 43. Rc1 Ba5+ 44.
Kd1 Bb6 45. Bd2 Rb8 46. Ke1 Ba7 47. Kf1 b4 48. Kg2 a3 49. b3 Nd7 50. Rc7
Bb6 51. Rc6 Nf6 52. Rg5 Nxe4 53. Rxb6 Rxb6 54. fxe4 Rb8 55. Rg3 Rc8 56. Bd1
Rf4 57. Bxf4 exf4 58. Rd3 Kxh6 59. Kf3 Kg5 60. e5 Kf5 61. exd6 g5 62. Rd4
g4+ 63. Kf2 Rd8 64. Bc2+ Kg5 65. Rxb4 Rxd6 66. Rd4 Kh4 67. b4 Rf6 68. d6
Kh3 69. d7 g3+ 70. Kf3 1-0